| 000 | 00527nam a2200157Ia 4500 | ||
|---|---|---|---|
| 008 | 230907s9999||||xx |||||||||||||| ||und|| | ||
| 082 |
_a621.3 _bHUS |
||
| 100 |
_aHussain Ali (00000171769) _9116425 |
||
| 245 | 0 | _aExploring the coherence in energy policy of Pakistan for the development of a sustainable energy infrastructure / | |
| 260 |
_aUSPCAS-E, NUST, _bIslamabad : _c2019 |
||
| 300 | _a67 p. | ||
| 520 | _aTH-128 | ||
| 650 |
_aMS-EEP Thesis MS Thesis _9116426 |
||
| 700 |
_aDr. Kafait Ullah _9116991 |
||
| 942 |
_cTHE _2ddc |
||
| 999 |
_c601807 _d601807 |
||